Copa Mundial de la FIFA 1934 - Estadísticas

Estadísticas generales
  • Esta prueba ha sido intentada 96 veces
    86 desde el último reinicio
  • La puntuación promedio es 13 de 16
Estadísticas de respuestas
EQUIPOS % Correcto
Italia
99%
Brasil
97%
Francia
97%
España
96%
Alemania
93%
Argentina
90%
Suecia
85%
Bélgica
82%
Austria
80%
Estados Unidos
80%
Hungría
80%
Suiza
80%
Checoslovaquia
73%
Países Bajos
70%
Rumanía
66%
Egipto
45%
No se encontraron pruebas coincidentes
Distribución de puntuación
Porcentaje de gente con cada puntuación
Porcentaje por número respondido
Historial de tus puntuaciones
No has intentado esta prueba desde el último reinicio